Statistics for Muses of Greek Mythology

Click here to take the quiz!

General Stats

  • This quiz has been taken 198 times
  • The average score is 6 of 9

Answer Stats

MuseDomainEmblem% Correct
EuterpeMusic, Song, and Lyric PoetryAulos (an ancient Greek musical instrument like a flute), panpipes, laurel wreath
91%
ThaliaComedyComic mask, Shepherd's crook (the vaudeville act of pulling someone off the stage with a hook is a reference to Thalia's crook), Ivy wreath
73%
Calliope{Epic} poetryWriting tablet, Stylus, Lyre
70%
ClioHistoryScrolls, Books, Cornet, Laurel wreath
70%
MelpomeneTragedyTragic mask, Sword (or any kind of blade), Club, Kothornos (boots)
65%
UraniaAstronomyGlobe
62%
TerpsichoreDanceLyre, Plectrum
62%
Erato{Love} poetryCithara (an ancient Greek musical instrument in the lyre family)
58%
PolyhymniaHymnsVeil, Grapes (referring to her as an agricultural goddess)
36%

Score Distribution

Percentile by Number Answered

Percent of People with Each Score

Your Score History

You have not taken this quiz